000 00236nam a2200097Ia 4500
008 240331s9999 xx 000 0 und d
082 _a303.6
_bCOS
100 _aThe National Peace Council. ed
245 0 _aCost of War Sri Lanka
942 _cL
999 _c1256
_d1256